Statistics for Granada CF Squad 2020-2021

Click here to take the quiz!

General Stats

  • This quiz has been taken 8 times
    (6 since last reset)
  • The average score is 16 of 29

Answer Stats

#PositionNationPlayer% Correct
11FWVenezuelaDarwin Machís
100%
1GKPortugalRui Silva
100%
15DFSpainCarlos Neva
80%
2DFGuadeloupeDimitri Foulquier
80%
23FWSpainJorge Molina
80%
9FWSpainRoberto Soldado
80%
13GKSpainAarón Escandell
60%
19MFSpainÁngel Montoro
60%
10FWSpainAntonio Puertas
60%
6DFSpainGermán Sánchez
60%
24FWBrazilKenedy
60%
7FWColombiaLuis Suárez
60%
4MFFranceMaxime Gonalons
60%
18DFColombiaNeyder Lozano
60%
12MFNigeriaRamon Azeez
60%
8MFCameroonYan Eteki
60%
21MFVenezuelaYangel Herrera
60%
18DFSpainAdrián Marín
40%
-CoachSpainDiego Martínez
40%
22DFPortugalDomingos Duarte
40%
14MFSpainFede Vico
40%
20DFSpainJesús Vallejo
40%
5MFSpainLuis Milla
40%
3DFArgentinaNehuén Pérez
40%
17DFSpainQuini
40%
16DFSpainVíctor Díaz
40%
26FWSpainAlberto Soro
20%
12MFPortugalDomingos Quina
20%
28DFSpainPepe Sánchez
20%

Score Distribution

Percentile by Number Answered

Percent of People with Each Score

Your Score History

You have not taken this quiz since the last reset